000 01251nam a22004217a 4500
001 BR2022000208
003 BR-BrBNA
005 20230928105622.0
007 ta
008 230509b bl.||||| |||| 00| 0 por d
020 _a978-65-80874-00-2
040 _aBR-BrBNA
_bpor
_cBiblioteca Nacional de Agricultura
041 _a(Por)
072 _aE11; D50; P01
090 _ E11 BR2022000208
100 1 _aMendonça, I.F. de
100 1 _aBernardes, K.C.
100 1 _aRocha, J.F.G. da
100 1 _aRamos, N.F.
100 1 _aPereira, R. de A.
110 1 _aSindicato Nacional dos Peritos Federais Agrários, Brasília, DF (Brasil)
_99555
245 1 _aAvaliação de imóveis rurais pelos Peritos Federais Agrários
260 3 _aBrasília, DF (Brasil):
_c2019.
300 _a179 p.
500 _aIncludes several bibliographies; 56 illus.; 37 tables; 2 graphs
650 _aTERRA
650 _aFATOR DE PRODUÇÃO
650 _aUSO DA TERRA
650 _aREFORMA AGRÁRIA
650 _aDESAPROPRIAÇÃO
650 _aECONOMIA AGRÁRIA
650 _aPOLÍTICA AGRÁRIA
650 _aRECURSO NATURAL
650 _aREGULAMENTAÇÃO
650 _aLEGISLAÇÃO
909 _a202309
_bLucia
_c55
_dLucia Elande
942 _cBK
999 _c85904
_d85904